Community psychology

Saved in:
Bibliographic Details
Main Author: Duffy, Karen Grover
Other Authors: Wong, Frank Y. 1958-
Format: Book
Language:English
Published: Boston : Allyn and Bacon, c2003
Edition:3rd ed.
Subjects:
Tags: Add Tag
No Tags, Be the first to tag this record!

MARC

LEADER 00000nam a2200000 i 4500
001 1/71813
008 050218s2003 eng d
020 |a 0-205-35026-7 
035 |l 10076640 
040 |a GR-MY-UA  |b gre  |e aacr 
041 0 |a eng 
082 0 |a 362.2  |2 (21) 
100 1 |a Duffy, Karen Grover. 
245 1 0 |a Community psychology /  |c Karen Grover Duffy, Frank Y. Wong 
250 |a 3rd ed. 
260 |a Boston :   |b Allyn and Bacon,   |c c2003 
300 |a xv, 352 σ.;  |c 24 εκ. 
504 |a Περιέχει βιβλιογραφικές παραπομπές και ευρετήριο 
650 0 0 |a Community psychology. 
700 1 |a Wong, Frank Y.  |d 1958- 
852 |a INST  |b LESVOS  |e 20050218  |h 362.2 DUF  |p 005100030251  |q 005100030251  |t BK  |y 0 
901 |a BIBL1-2005-1 
909 |a Λ  |b 115019 
920 |a ΔΙΕΥΡΥΝΣΗ  |b ΕΠΕΑΕΚ/ΤΚ  |y ΛΕΣΒΟΣ  |z 2004-10 
970 |a ΜΑΡΙΝΑΤΟΥ  |b ΜΥΡΣΙΝΗ  |z 2005/02/18